| Tag |
First Indicator |
Second Indicator |
Subfields |
| LEADER |
00000cam a22000004a 4500 |
| 001 |
in00001690607 |
| 005 |
20151024132124.0 |
| 008 |
010925s2002 pauaf b 001 0 eng c |
| 010 |
|
|
|a 2001050358
|
| 016 |
7 |
|
|a 101128742
|2 DNLM
|
| 020 |
|
|
|a 0781722594
|
| 029 |
1 |
|
|a NLM
|b 101128742
|
| 035 |
|
|
|a (OCoLC)ocm48093016
|
| 040 |
|
|
|a DNLM/DLC
|c DLC
|d NLM
|d C#P
|d UtOrBLW
|
| 042 |
|
|
|a pcc
|
| 049 |
|
|
|a TXAM
|
| 050 |
0 |
4 |
|a QP108.5.C4
|b C47 2002
|
| 060 |
0 |
0 |
|a 2002 E-981
|
| 060 |
1 |
0 |
|a WL 302
|b C412 2002
|
| 082 |
0 |
0 |
|a 612.8/24
|2 21
|
| 245 |
0 |
0 |
|a Cerebral blood flow and metabolism /
|c editors, Lars Edvinsson, Diana N. Krause.
|
| 250 |
|
|
|a 2nd ed.
|
| 264 |
|
1 |
|a Philadelphia :
|b Lippincott Williams & Wilkins,
|c [2002]
|
| 264 |
|
4 |
|c ©2002
|
| 300 |
|
|
|a xvii, 521 pages, 8 unnumbered pages of plates :
|b illustrations (some color) ;
|c 29 cm.
|
| 336 |
|
|
|a text
|b txt
|2 rdacontent
|
| 337 |
|
|
|a unmediated
|b n
|2 rdamedia
|
| 338 |
|
|
|a volume
|b nc
|2 rdacarrier
|
| 504 |
|
|
|a Includes bibliographical references and index.
|
| 650 |
|
0 |
|a Cerebral circulation.
|
| 650 |
|
0 |
|a Cerebrovascular disease
|x Pathophysiology.
|
| 650 |
|
0 |
|a Brain
|x Metabolism.
|
| 650 |
1 |
2 |
|a Cerebrovascular Circulation
|x physiology.
|
| 650 |
2 |
2 |
|a Blood Flow Velocity
|x physiology.
|
| 650 |
2 |
2 |
|a Cerebrovascular Disorders
|x physiopathology.
|
| 700 |
1 |
|
|a Edvinsson, Lars.
|
| 700 |
1 |
|
|a Krause, Diana N.
|
| 945 |
|
|
|i PromptCat
|
| 948 |
|
|
|a cataloged
|b h
|c 2002/5/30
|d c
|e cmulkey
|f 9:57:08 am
|
| 994 |
|
|
|a 92
|b TXA
|
| 999 |
|
|
|a MARS
|
| 999 |
f |
f |
|s e146e674-87c4-384a-abde-65bd90004551
|i c5ed0d07-ce56-37bb-93b0-ab7c4d3ad5cc
|t 0
|
| 952 |
f |
f |
|p normal
|a Texas A&M University
|b College Station
|c Sterling C. Evans Library
|d Evans: Library Stacks
|t 0
|e QP108.5.C4 C47 2002
|h Library of Congress classification
|i unmediated -- volume
|m A14828928473
|
| 998 |
f |
f |
|a QP108.5.C4 C47 2002
|t 0
|l Evans: Library Stacks
|